| 000 | 01269nam0a2200361 4500 | ||
|---|---|---|---|
| 001 | RU\NLR\BIBL_A\021944716 | ||
| 005 | 20230629164231.0 | ||
| 010 |
_a978-5-87184-797-8 _970 |
||
| 021 |
_aRU _bКН-П-23-027402 _9КН-П-23-2732 |
||
| 035 | _a(NLR Aleph) 021944716 | ||
| 035 | _a(RuMoRGB)011756569 | ||
| 090 |
_a13198635 _c13198635 |
||
| 100 | _a20230523d2023 u y0rusy50 ca | ||
| 101 | 0 | _arus | |
| 102 | _aRU | ||
| 105 | _aa z 000gy | ||
| 181 | 0 |
_ai3 _baxxe |
|
| 181 | 0 |
_ab2 _bxb2e |
|
| 182 | 0 | _an | |
| 200 | 1 |
_aЯ рисую закорючки _eстихи для детей _fЮля Томас _gрисовал Козейчик Виктор |
|
| 203 |
_aТекст _aИзображение _bвизуальные _cнепосредственные |
||
| 210 |
_aЧелябинск _cЧелябинский Дом печати _d2023 |
||
| 215 |
_a[32] с. _cцв. ил. _d28 |
||
| 686 | 0 | _aШ9(2)60=Р7-5 | |
| 700 | 1 |
_aТомас _bЮ. _gЮля _3RU\NLR\AUTH\770257362 |
|
| 702 | 1 |
_aКозейчик _bВ. П. _f1951- _gВиктор Петрович _4040 |
|
| 942 | _cBOOK | ||
| 980 | _aNB | ||